00357nam a2200145Ia 4500008004100000020001500041041001200056082001600068100001700084245005300101250000800154260002500162300000800187650001600195221030s9999 xx 000 0 und d a0074602225 aEnglish a105.23bMat aA. P. Mathur 0aIntroduction To Microprocessorscby A. P. Mathur a3rd bTMHaNew Delhic2002 a612 aBE Computer